000 00368nam a2200145 i 4500
001 bg
100 1 _aCLEARY, Alan
245 0 _aInstrumentalizacja badaƄ psychologicznych /
_cA. Cleary.
260 _aWarszawa,
_c1984.
040 _cBPK
041 _apol
080 _a159.9.07:621.37/.39+621.317+681.32
942 _cKS
008 s pl f |000 0 pol
999 _c22821
_d22821
856 _uhttp://koha.tu.koszalin.pl/cgi-bin/koha/opac-detail.pl?biblionumber=22821
_yKatalog online BPK